00297nam a22000977a 4500008004100000082001600041100003000057245007300087260003000160300000900190230621b xxu||||| |||| 00| 0 eng d a328.06bIPU cInter parliamentary Union a114th IPU Assembly and Related MeetingsbResults od the proceedings  aNairobi, kenyabIPUc2006 a243p